| 000 | nam a22 7a 4500 | ||
|---|---|---|---|
| 999 |
_c365749 _d365749 |
||
| 003 | BLK | ||
| 005 | 20200602120303.0 | ||
| 008 | 200602b bu ||||| |||| 00| 0 bu d | ||
| 040 | _aBLK | ||
| 041 |
_aRUS _cRUS |
||
| 080 |
_aХудожествена обработка на метали _b739 _x(045) _z739(045) |
||
| 139 |
_aКолокола _bК 79 |
||
| 245 |
_aКолокола _bИстория и современность _cСостав. Ю. В. Пухначев; отв. ред. Борис Викторович Раушенбах |
||
| 250 | _a2. типогр. изд. | ||
| 257 | _aSUN | ||
| 260 |
_9400719 _aМосква _bНаука _c1985 |
||
| 300 |
_a304 с. _bс ил., табл., диагр., фотогр. _c20 см |
||
| 380 | _a7 | ||
| 500 | _aИзд. на Академия наук СССР. Научный совет по истории мировой культуры. - Библиогр. с. 302. - 23 000 тир. | ||
| 650 | 0 |
_9304872 _aХудожествена обработка на метали |
|
| 653 | 7 |
_9200267 _aхудожествена обработка на метали |
|
| 700 |
_91412 _aПухначев, Ю. В. _eсостав. |
||
| 700 |
_9747 _aРаушенбах, Борис Викторович _eотв. ред. |
||
| 852 |
_aЦб 137926 _bЦб |
||
| 942 |
_cKNG _n0 _s1 |
||
| 944 |
_aCR _c2020-06-02 _kС.Т. _l2020-06-02 |
||